Thoả thuận đàm phán nhưng không nhượng bộ

Guardado en:
Detalles Bibliográficos
Autor principal: Fisher, Roger
Formato: Libro
Lenguaje:Undetermined
Publicado: Hà Nội Thống kê 2005
Materias:
Etiquetas: Agregar Etiqueta
Sin Etiquetas, Sea el primero en etiquetar este registro!
Thư viện lưu trữ: Trung tâm Học liệu Trường Đại học Cần Thơ
LEADER 00600nam a2200193Ia 4500
001 CTU_101450
008 210402s9999 xx 000 0 und d
020 |c 26000 
082 |a 658.4052 
082 |b F535 
100 |a Fisher, Roger 
245 0 |a Thoả thuận đàm phán nhưng không nhượng bộ 
245 0 |c Roger Fisher, William Ury; Phú Thành dịch 
260 |a Hà Nội 
260 |b Thống kê 
260 |c 2005 
650 |a Communication in management,Negotiation in business 
904 |i Truc 
980 |a Trung tâm Học liệu Trường Đại học Cần Thơ